[Event "Martigny op 17th"]
[Site "Martigny"]
[Date "2008.08.01"]
[Round "1"]
[White "Benkovic, Petar"]
[Black "Putallaz, Jean Christophe"]
[Result "1-0"]
[WhiteElo "2479"]
[BlackElo "1794"]
[PlyCount "83"]
[EventDate "2008.08.01"]
[EventType "swiss"]
[EventRounds "9"]
[EventCountry "SUI"]
[SourceTitle "EXT 2009"]
[Source "ChessBase"]
[SourceDate "2008.11.26"]
[SourceVersion "1"]
[SourceVersionDate "2008.11.26"]
[SourceQuality "1"]

1. d4 Nf6 2. Nf3 e6 3. c4 b6 4. g3 Bb7 5. Bg2 Be7 6. 0-0 0-0 7. Re1 d6 8. Nc3 Nbd7 9. e4 e5 10. d5 c6 11. Nh4 cxd5 12. cxd5 a6 13. Nf5 b5 14. h4 Nb6 15. Bg5 Bc8 16. Rc1 Bxf5 17. exf5 Nbd7 18. g4 h6 19. Be3 Nh7 20. Ne4 Ndf6 21. Nd2 Nd7 22. h5 Rc8 23. Qe2 Qa5 24. a3 Qd8 25. b4 Re8 26. Nb3 Bg5 27. Na5 Bxe3 28. Qxe3 Qg5 29. Qxg5 Nxg5 30. Nb7 Rxc1 31. Rxc1 Nb6 32. Nxd6 Rd8 33. Nb7 Rd7 34. Nc5 Rd6 35. Nb7 Rd7 36. d6 e4 37. Rc7 Rxc7 38. dxc7 Kf8 39. Nc5 Ke7 40. Bxe4 Nxe4 41. Nxe4 Kd7 42. f6 1-0